000 00621nam a2200241 a 4500
001 nice12345678
003 IN_TiNIC
005 20260116011613.0
008 050524s1925 mysa grp 000 0 eng
020 _a
_c100
082 0 0 _a305.4095414
_bURQ
100 _aUrquhart M, Margaret
245 _aWomen of Bengal
_b Study of the Hindu Paranasins of Calcutta.
260 _aMysore
_bWesley Mission Press
_c1925
300 _a165p
500 _aincludes index and biblioraphy
505 2 _aIndex
650 _aWomen-Bengal
700 1 _aUrquhart M, Margaret
902 _bSRS
942 _cBK
999 _c2837
_d2837